000 00423nam a2200193Ia 4500
008 210210b1899 xxu||||| |||| 00| 0 eng d
041 _aeng
082 _a942/167
100 _aMcGARTHY (J)
245 _aModern England Vol I
260 _aLondon
_bT Fisher Unwin
_c1899
440 _a1
650 _aVol
650 _aModern
650 _aI
650 _aEngland
690 _aEuropean History
906 _a025574
999 _c151455
_d151455